Zpráva o inflaci - duben 2003 Česká Národní Banka
Salvato in:
| Natura: | Libro |
|---|---|
| Lingua: | ceco |
| Pubblicazione: |
Praha
Česká národní banka
2003
|
| Soggetti: | |
| Tags: |
Nessun Tag, puoi essere il primo ad aggiungerne!!
|
MARC
| LEADER | 00000nam$a2200000$$$4500 | ||
|---|---|---|---|
| 001 | 0024507 | ||
| 005 | 20240315114810.4 | ||
| 041 | 0 | |a cze | |
| 044 | |a CZ | ||
| 245 | 1 | 0 | |a Zpráva o inflaci - duben 2003 |b Česká Národní Banka |
| 264 | 1 | |a Praha |b Česká národní banka |c 2003 | |
| 300 | |a 33 s. |e 1 CD-ROM | ||
| 610 | 2 | 0 | |a banky |
| 610 | 2 | 0 | |a bankovníctvo |
| 610 | 2 | 0 | |a inflácia |
| 610 | 2 | 0 | |a vývoj menový |
| 610 | 2 | 0 | |a sadzby úrokové |
| 610 | 2 | 0 | |a dopyt |
| 610 | 2 | 0 | |a ponuka |
| 610 | 2 | 0 | |a trh práce |
| 610 | 2 | 0 | |a ceny |
| 610 | 2 | 0 | |a prognózy |
| 610 | 2 | 0 | |a rady dozorné |
| 610 | 2 | 0 | |a Česko |